000 00752nmm a2200265 a 4500
003 AR-BaBNM
005 20251128211808.0
008 176020s2004 ||||||||||||||000 | spa||
020 _a84-9792-004-X
040 _cAR-BaBNM
245 1 0 _aEducación plástica y artística en educación infantil
_bdesarrollo de la creatividad, métodos y estrategias
250 _a1ª ed.
260 _aVigo
_bIdeasPropias
_c2004
300 0 _a95 p.
650 4 _aEDUCACION ARTISTICA
650 4 _aARTES PLASTICAS
650 4 _aALFABETIZACION
650 4 _aPSICOMOTRICIDAD
653 0 _aEDUCACION INICIAL
653 0 _aLENGUAJES ARTISTICOS
653 0 _aPENSAMIENTO DEL NINO
653 0 _aESTRATEGIAS DIDACTICAS
942 _cBK
998 _cme-solo cat
999 _c21153
_d21153